000 00462cam a22001337a 4500
008 180718b1961 xxu||||| |||| 00| 0 eng d
082 _aB1242x47 B439
100 _aBennigsen, A.
245 _aEvolution of the Muslim nationalites of the USSR and their linguistic problems
_cby A. Bennigsen and C. Quelquejay
260 _aLondon
_bCentral Asia Research Centre
_c1961
300 _a57p.
650 _aPopulation - National Groups - USSR
700 _aQuelquejay, C.
999 _c359499
_d359499